<?xml version="1.0" encoding="UTF-8"?><?xml-stylesheet type="text/xsl" href="static/style.xsl"?><OAI-PMH xmlns="http://www.openarchives.org/OAI/2.0/" xmlns:xsi="http://www.w3.org/2001/XMLSchema-instance" xsi:schemaLocation="http://www.openarchives.org/OAI/2.0/ http://www.openarchives.org/OAI/2.0/OAI-PMH.xsd"><responseDate>2026-04-18T13:52:20Z</responseDate><request verb="GetRecord" identifier="oai:riubu.ubu.es:10259/11430" metadataPrefix="marc">https://riubu.ubu.es/oai/request</request><GetRecord><record><header><identifier>oai:riubu.ubu.es:10259/11430</identifier><datestamp>2026-02-26T01:05:59Z</datestamp><setSpec>com_10259_5377</setSpec><setSpec>com_10259_5086</setSpec><setSpec>com_10259_2604</setSpec><setSpec>com_10259_4219</setSpec><setSpec>col_10259_5378</setSpec><setSpec>col_10259_4220</setSpec></header><metadata><record xmlns="http://www.loc.gov/MARC21/slim" xmlns:doc="http://www.lyncode.com/xoai" xmlns:xsi="http://www.w3.org/2001/XMLSchema-instance" xmlns:dcterms="http://purl.org/dc/terms/" xsi:schemaLocation="http://www.loc.gov/MARC21/slim http://www.loc.gov/standards/marcxml/schema/MARC21slim.xsd">
<leader>00925njm 22002777a 4500</leader>
<datafield tag="042" ind1=" " ind2=" ">
<subfield code="a">dc</subfield>
</datafield>
<datafield tag="720" ind1=" " ind2=" ">
<subfield code="a">Olivares Gil, Alicia</subfield>
<subfield code="e">author</subfield>
</datafield>
<datafield tag="720" ind1=" " ind2=" ">
<subfield code="a">Barbero Aparicio, José Antonio</subfield>
<subfield code="e">author</subfield>
</datafield>
<datafield tag="720" ind1=" " ind2=" ">
<subfield code="a">Rodríguez Diez, Juan José</subfield>
<subfield code="e">author</subfield>
</datafield>
<datafield tag="720" ind1=" " ind2=" ">
<subfield code="a">Diez Pastor, José Francisco</subfield>
<subfield code="e">author</subfield>
</datafield>
<datafield tag="720" ind1=" " ind2=" ">
<subfield code="a">García Osorio, César</subfield>
<subfield code="e">author</subfield>
</datafield>
<datafield tag="720" ind1=" " ind2=" ">
<subfield code="a">Davari, Mehdi D.</subfield>
<subfield code="e">author</subfield>
</datafield>
<datafield tag="260" ind1=" " ind2=" ">
<subfield code="c">2025-12</subfield>
</datafield>
<datafield tag="520" ind1=" " ind2=" ">
<subfield code="a">Protein fitness prediction plays a crucial role in the advancement of protein engineering endeavours. However, the combinatorial complexity of the protein sequence space and the limited availability of assay-labelled data hinder the efficient optimization of protein properties. Data-driven strategies utilizing machine learning methods have emerged as a promising solution, yet their dependence on labelled training datasets poses a significant obstacle. To overcome this challenge, in this work, we explore various ways of introducing the latent information present in evolutionarily related sequences (homologous sequences) into the training process. To do so, we establish several strategies based on semi-supervised learning (unsupervised pre-processing and wrapper methods) and perform a comprehensive comparison using 19 datasets containing protein-fitness pairs. Our findings reveal that using the information present in the homologous sequences can improve the performance of the models, especially when the number of available labelled sequences is considerably low. Specifically, the combination of a sequence encoding method based on Direct Coupling Analysis (DCA), with MERGE (a hybrid regression framework that combines evolutionary information with supervised learning) and an SVM regressor, outperforms other encodings (PAM250, UniRep, eUniRep) and other semi-supervised wrapper methods (Tri-Training Regressor, Co-Training Regressor). In summary, the demonstrated performance gains of this strategy mark a substantial leap towards more robust and reliable predictive models for protein engineering tasks. This advancement holds the potential to streamline the design and optimisation of proteins for diverse applications in biotechnology and therapeutics.</subfield>
</datafield>
<datafield tag="024" ind2=" " ind1="8">
<subfield code="a">1758-2946</subfield>
</datafield>
<datafield tag="024" ind2=" " ind1="8">
<subfield code="a">https://hdl.handle.net/10259/11430</subfield>
</datafield>
<datafield tag="024" ind2=" " ind1="8">
<subfield code="a">10.1186/s13321-025-01029-w</subfield>
</datafield>
<datafield tag="024" ind2=" " ind1="8">
<subfield code="a">1758-2946</subfield>
</datafield>
<datafield ind1=" " ind2=" " tag="653">
<subfield code="a">Machine learning</subfield>
</datafield>
<datafield ind1=" " ind2=" " tag="653">
<subfield code="a">Protein engineering</subfield>
</datafield>
<datafield ind1=" " ind2=" " tag="653">
<subfield code="a">Directed evolution</subfield>
</datafield>
<datafield ind1=" " ind2=" " tag="653">
<subfield code="a">Semi-supervised learning</subfield>
</datafield>
<datafield ind1=" " ind2=" " tag="653">
<subfield code="a">Protein design</subfield>
</datafield>
<datafield ind1=" " ind2=" " tag="653">
<subfield code="a">Tritraining regressor</subfield>
</datafield>
<datafield ind1=" " ind2=" " tag="653">
<subfield code="a">Generalized MERGE</subfield>
</datafield>
<datafield tag="245" ind1="0" ind2="0">
<subfield code="a">Semi-supervised prediction of protein fitness for data-driven protein engineering</subfield>
</datafield>
</record></metadata></record></GetRecord></OAI-PMH>